Quiz sulla Repubblica Dominicana - Statistics

Statistiche generali
  • Questo quiz è stato fatto 649 volte
  • Il punteggio medio è 11 su 17
Statistiche sulle risposte
Hint Risposta % Corretto
Lingua ufficiale Spagnolo
95%
Unico paese confinante Haiti
93%
Capitale Santo Domingo
91%
Mare che bagna il paese Mar dei Caraibi
87%
Più di 1 milione di dominicani vivono all'estero in questo paese Stati Uniti d'America
85%
Questa città è la più _____ fondata dagli europei nel Nuovo Mondo Antica
79%
Moneta Peso
79%
Attività che rappresenta il 64,6% del PIL Turismo
72%
Sport più popolare Baseball
70%
Isola sulla quale si trova Hispaniola
63%
Brugal, Barcelo e Bermudez sono marchi di questa bevanda Rum
51%
Isola situata a circa 120 km ad est della Repubblica Dominicana Porto Rico
49%
Il 5% delle esportazioni della Repubblica Dominicana è costituito da questo prodotto spesso arrotolato a mano Sigaro
47%
Ballo e musica tipica del paese M{erengue}
43%
Località turistica sulla punta orientale dell'isola Punta {Cana}
40%
Dittatore soprannominato "El Jefe" che aveva ribattezzato la capitale in proprio onore Rafael Trujillo
22%
Famoso stilista di moda con le iniziali ODLR Oscar De La Renta
21%
Nessun quiz corrispondente trovato
Distribuzione punteggi
Percentuale di utenti per punteggio
Percentile per numero di risposta
I tuoi punteggi nel tempo
Non hai fatto questo quiz